Framework protokolu USB pre jednočipové mikropočítače

Salvato in:
Dettagli Bibliografici
Autore principale: Hvizdoš, Radek, 1985- (Autore)
Altri autori: Krajčovič, Tibor, 1960- (Relatore della tesi)
Natura: Manoscritto Libro
Lingua:slovacco
Pubblicazione: Bratislava : STU v Bratislave FIIT, 2010
Soggetti:
Accesso online:VAIS
Tags: Aggiungi Tag
Nessun Tag, puoi essere il primo ad aggiungerne!!

MARC

LEADER 00000ntm a22000003a 4500
001 stu218380
005 20150617230111.9
008 101203s2010----xo------------------slo-d
040 |a STU  |b slo 
041 0 |a slo 
044 |a xo 
100 1 |a Hvizdoš, Radek,  |d 1985-  |4 aut  |u I100  |U FIIT Fakulta informatiky a informačných technológií  |T FIIT Ústav počítačových systémov a sietí  |X 17482  |U I100  |Y 178  |7 A000017482 
242 0 0 |a USB protocol framework for single chip microcomputers  |y eng 
245 1 |a Framework protokolu USB pre jednočipové mikropočítače 
260 |a Bratislava :  |b STU v Bratislave FIIT,  |c 2010 
300 |a 37 s  |c príl. 
650 7 |a počítačové systémy a siete  |2 stusub 
650 7 |a Computer Systems and Networks  |2 estusub 
650 7 |a interface  |2 estusub 
650 7 |a zbernica  |2 stusub 
650 7 |a USB  |2 stusub 
700 1 |a Krajčovič, Tibor,  |d 1960-  |4 ths  |u I100  |U FIIT Fakulta informatiky a informačných technológií  |T FIIT Ústav počítačových systémov a sietí  |X 1869  |U I100  |Y 178  |7 1869 
856 4 |a info a plný text  |u http://is.stuba.sk/zp/portal_zp.pl?podrobnosti=46638  |3 VAIS 
996 |c I*BAP57/10  |l II680  |s P  |a 0  |w stu218380_0001